000 00399nam a2200145 i 4500
001 bg
100 1 _aPIECHOCIŃSKA, Jadwiga
245 0 _aSystemorganizacji sprawdzianów testowych "Test" /
_cJadwiga Piechocińska, Jan Piechociński.
260 _aSzczecin,
_c1980.
700 1 _aPIECHOCIŃSKI, Jan
040 _cBPK
041 _apol
942 _cKS
008 s pl f |000 0 pol
999 _c20333
_d20333
856 _uhttp://koha.tu.koszalin.pl/cgi-bin/koha/opac-detail.pl?biblionumber=20333
_yKatalog online BPK